Sobre el caudal del tiempo (Record no. 93442)

MARC details
000 -LEADER
campo de control de longitud fija 00939nam a2200229 i 4500
001 - NÚMERO DE CONTROL
campo de control 93442
003 - IDENTIFICADOR DE NÚMERO DE CONTROL
campo de control ES-MaACL
005 - FECHA Y HORA DE LA ÚLTIMA TRANSACCIÓN
campo de control 20230906181226.0
007 - CAMPO FIJO DE DESCRIPCIÓN FÍSICA--INFORMACIÓN GENERAL
campo de control de longitud fija t|
008 - DATOS DE LONGITUD FIJA--INFORMACIÓN GENERAL
campo de control de longitud fija 050526s2004 sp ||||1| spa d
020 ## - NÚMERO INTERNACIONAL ESTÁNDAR DEL LIBRO
Número Internacional Estándar del Libro 84-88439-95-4
080 ## - NÚMERO DE LA CLASIFICACIÓN DECIMAL UNIVERSAL
Número de la Clasificación Decimal Universal 821.134.2.09"19"
245 00 - MENCIÓN DEL TÍTULO
Título Sobre el caudal del tiempo
Resto del título : verso y prosa en el siglos XX : I Curso de Literatura Española /
Mención de responsabilidad, etc. Jaime Olmedo Ramos (dir.) ; Miguel Argaya Roca, Angel Luis Luján Atienza, Gonzalo Manglano y de Garay.
260 ## - PUBLICACIÓN, DISTRIBUCIÓN, ETC.
Lugar de publicación, distribución, etc. Talavera de la Reina :
Nombre del editor, distribuidor, etc. Organismo Autónomo Local de Cultura, Ayuntamiento de Talavera de la Reina,
Fecha de publicación, distribución, etc. 2004.
300 ## - DESCRIPCIÓN FÍSICA
Extensión 195 p. ;
Dimensiones 21 cm.
650 #4 - PUNTO DE ACCESO ADICIONAL DE MATERIA--TÉRMINO DE MATERIA
Término de materia o nombre geográfico como elemento de entrada Literatura española-
Subdivisión cronológica S.XX-
Subdivisión general Historia y crítica.
9 (RLIN) 141686
700 1# - ENTRADA AGREGADA--NOMBRE PERSONAL
Nombre de persona Olmedo Ramos, Jaime.
9 (RLIN) 86965
700 1# - ENTRADA AGREGADA--NOMBRE PERSONAL
Nombre de persona Argaya, Miguel.
9 (RLIN) 22683
700 1# - ENTRADA AGREGADA--NOMBRE PERSONAL
Nombre de persona Luján Atienza, Angel Luis.
9 (RLIN) 74708
700 1# - ENTRADA AGREGADA--NOMBRE PERSONAL
Nombre de persona Manglana y de Garay, Gonzalo.
9 (RLIN) 76012
852 ## - LOCALIZACIÓN
Ubicación ES-MaACL
Número de control de estantería L-29136
Sublocalización o colección R.135408
Holdings
Estatus retirado Estado de pérdida Estado de daño No para préstamo Biblioteca de origen Biblioteca actual Ubicación en estantería Fecha de adquisición Fuente de adquisición Total de préstamos Signatura topográfica completa Código de barras Visto por última vez Precio de reemplazo Tipo de ítem Koha
        Biblioteca del Ateneo de Madrid Biblioteca del Ateneo de Madrid Depósito 2 17/01/2008     L-29136 1097580 23/02/2023 23/02/2023 Libro impreso